ポケモンの片方の場の状態 - Statistics

General Stats
  • This quiz has been taken 161 times
  • The average score is 8 of 20
Answer Stats
Hint Answer % Correct
4ターンの間、自分と味方のすばやさが2倍になる おいかぜ
94%
場に出たポケモンは、最大HP×(いわに対する相性)/8のダメージを受ける ステルスロック
91%
交代により地面にいるポケモンが場に出たときダメージを受ける まきびし
91%
交代により地面にいるポケモンが場に出てきたときどく状態になる。2回使われていた場合はもうどく状態になる どくびし
85%
特殊技でうけるダメージがシングルバトルでは半分になる ひかりのかべ
77%
物理技で受けるダメージがシングルバトルでは半分になる リフレクター
76%
交代により場に出たポケモンのすばやさランクが1段階下がる ねばねばネット
69%
物理技と特殊技でうけるダメージが半分になる オーロラベール
65%
場のポケモンは他のポケモンからのわざの効果で状態異常・こんらん状態・ねむけ状態にならない しんぴのまもり
39%
攻撃技の追加効果が発動する確率が2倍になる にじ
25%
すばやさが1/4になる しつげん
23%
自分以外のポケモンによる技や特性の効果ではランク補正が下がらない しろいきり
20%
5ターンの間、攻撃技が急所に当たらなくなる おまじない
17%
ほのおタイプでないポケモンが毎ターン終了時、最大HPの1/6分のダメージを受ける キョダイゴクエン
17%
味方の場への物理技、特殊技を防ぐ。変化技を防ぐことはできない たたみがえし
13%
毎ターン終了時に最大HPの1/8のダメージを受ける。
小数点以下は切捨てるが、最大HP1のポケモンにも1ダメージを与える。 ほのおタイプを持つポケモンはダメージを受けない
ひのうみ
13%
くさタイプでないポケモンが毎ターン終了時、最大HPの1/6分のダメージを受ける キョダイベンタツ
11%
場に出たポケモンは、最大HP×(はがねに対する相性)/8のダメージを受ける キョダイコウジン
9%
みずタイプでないポケモンが毎ターン終了時、最大HPの1/6分のダメージを受ける キョダイホウゲキ
6%
いわタイプでないポケモンが毎ターン終了時、最大HPの1/6分のダメージを受ける キョダイフンセキ
5%
No matching quizzes found
Score Distribution
Percent of People with Each Score
Percentile by Number Answered
Your Score History
You have not taken this quiz